Score 0/20 Timer 04:00
0 Plays Today
Territory US or UK? % Correct
Puerto Rico???
94.6%
Gibraltar???
93.2%
Falkland Islands???
91.9%
Guam???
90.2%
Midway Islands???
82.2%
[Sporcle] Indian Ocean Territory???
81.7%
Montserrat???
81%
Pitcairn Islands???
78.2%
Northern Mariana Islands???
78.2%
[Sporcle] Samoa???
77.6%
Territory US or UK? % Correct
Bermuda???
77.3%
Bajo Nuevo Bank???
76.2%
Anguilla???
74.6%
Cayman Islands???
74.6%
Akrotiri and Dhekelia???
72.1%
[Sporcle] Antarctic Territory???
68.7%
Baker Island???
67.9%
Howland Island???
66.1%
Kingman Reef???
64%
Jarvis Island???
63.5%
Remove Ads.
Support Sporcle.
Get the best of Sporcle when you Go Orange. This ad-free experience offers more features, more stats, and more fun while also helping to support Sporcle. Thank you for becoming a member.

You're not logged in!

Compare scores with friends on all Sporcle quizzes.
OR
Log In

Show Comments

Extras

Top Quizzes Today


Score Distribution

Your Account Isn't Verified!

In order to create a playlist on Sporcle, you need to verify the email address you used during registration. Go to your Sporcle Settings to finish the process.

Report this User

Report this user for behavior that violates our Community Guidelines.

Details: